00871 2200289 4500001002100000005001500021035002000036007000300056040001700059100002300076245014900099250001200248300002800260504002600288041000800314082000800322084001400330090002200344264003800366336002100404337003000425338002300455650003600478850001000514008004100524990001600565INLIS00000000000545820260513074535 a0010-0222000548ta aSBPUPADbInd0 aSuparniePengarang1 aPenuntun Pelajaran Bahasa Dan sastra Indonesia Berdasarkan Kurikulum 1984 Untuk :bUntuk SMA Kelas II, Semester 3dan 4 (Program Inti) /cSuoarni a.-cet.1 axxviii,306hlm. ;c21 cm aBibliografi, hlm 3070 aInd a410 a410 SUP p a297.431 FAU s 3-7 a.--Bandung :bGanexa Exact,c1986 2rdacontentaTeks 2rdamediaaTanpa Perantara 2rdacarrieraVolume 4aBuku Pelajaran-Bahasa Indonesia aPUPAD260513 0  a00000040367